000 00291nam a2200121Ia 4500
008 190216s9999||||xx |||||||||||||| ||und||
100 _aRavindra Nath Taigor
245 0 _aHindi - Bhai - Bhai
260 _bSarvodya Sahithya Samasthan
_c2001
300 _a90
650 _aHindi
942 _cBK
999 _c16100
_d16100